Normal view
MARC view
- Ng, Siew Imn.
Entry Personal Name
001 - CONTROL NUMBER
- control field: 66830
003 - CONTROL NUMBER IDENTIFIER
- control field: OSt
005 - DATE AND TIME OF LATEST TRANSACTION
- control field: 20250517144652.0
008 - FIXED-LENGTH DATA ELEMENTS
- fixed length control field: 250517|| aca||aabn | a|a d
040 ## - CATALOGING SOURCE
- Original cataloging agency: OSt
100 ## - HEADING--PERSONAL NAME
- Personal name: Ng, Siew Imn.
- Relator term: author.
